Control de enfermedades en cultivos de invernadero /

Guardado en:
Autor Principal: Jarvis, William R.
Formato: Libro
Idioma:Spanish
Publicado: Madrid : Mundi-Prensa, 1998.
Etiquetas: Agregar Etiqueta
Sin Etiquetas, Sea el primero en etiquetar este registro!
LEADER 00488nam a22001575a 4500
001 EEA.libagro006398
005 20180626092247.0
008 130809s1998####sp#a##########000#0#spa#d
020 |a 8471146843 
082 0 4 |a 631.583 
082 0 4 |a 632.9 
100 1 |a Jarvis, William R. 
245 1 0 |a Control de enfermedades en cultivos de invernadero /  |c William R. Jarvis. 
260 |a Madrid :  |b Mundi-Prensa,  |c 1998. 
300 |a 334 p. :  |b il. ;  |c 24 cm. 
859 |a AR-BbBCA  |b BIB. AGRONOMIA  |h 631.583  |i J38  |p 1999/3759